El yo y lo inconsciente / (Record no. 85744)

MARC details
000 -LEADER
campo de control de longitud fija 00716nam a2200193 i 4500
001 - NÚMERO DE CONTROL
campo de control 85744
003 - IDENTIFICADOR DE NÚMERO DE CONTROL
campo de control ES-MaACL
005 - FECHA Y HORA DE LA ÚLTIMA TRANSACCIÓN
campo de control 20250926063055.0
007 - CAMPO FIJO DE DESCRIPCIÓN FÍSICA--INFORMACIÓN GENERAL
campo de control de longitud fija t|
008 - DATOS DE LONGITUD FIJA--INFORMACIÓN GENERAL
campo de control de longitud fija 041201s1936 sp ||||1| spa d
100 1# - ENTRADA PRINCIPAL--NOMBRE DE PERSONA
Nombre de persona Jung, Carl G.,
Fechas asociadas al nombre 1875-1961
9 (RLIN) 67282
245 13 - MENCIÓN DEL TÍTULO
Título El yo y lo inconsciente /
Mención de responsabilidad, etc. Charles Gustave Jung ; traducción directa del alemán por S. Montserrat Esteve ; con un estudio preliminar sobre la evolución de las ideas de Jung por Ramón Sarró.
260 ## - PUBLICACIÓN, DISTRIBUCIÓN, ETC.
Lugar de publicación, distribución, etc. Barcelona :
Nombre del editor, distribuidor, etc. [s.n.,
Fecha de publicación, distribución, etc. 1936] (
Fabricante Costa y García)
300 ## - DESCRIPCIÓN FÍSICA
Extensión 253 p. ;
Dimensiones 22 cm.
700 0# - ENTRADA AGREGADA--NOMBRE PERSONAL
Nombre de persona Montserrat Esteve, Santiago.
9 (RLIN) 82744
700 1# - ENTRADA AGREGADA--NOMBRE PERSONAL
Nombre de persona Sarró, Ramón.
9 (RLIN) 103872
852 ## - LOCALIZACIÓN
Ubicación ES-MaACL
Número de control de estantería A-4164
Holdings
Estatus retirado Estado de pérdida Estado de daño No para préstamo Biblioteca de origen Biblioteca actual Ubicación en estantería Fecha de adquisición Fuente de adquisición Total de préstamos Signatura topográfica completa Código de barras Visto por última vez Precio de reemplazo Tipo de ítem Koha
        Biblioteca del Ateneo de Madrid Biblioteca del Ateneo de Madrid Sala Pecera Planta 1 17/01/2008     A-4164 1089594 23/02/2023 23/02/2023 Libro impreso